Mongolia... or Inner Mongolia? - Statistics

General Stats
  • This quiz has been taken 72 times
  • The average score is 12 of 16
Answer Stats
Question Answer % Correct
Capital is Ulaanbaatar Mongolia
98%
Has the higher population Inner Mongolia
89%
Has the larger area Mongolia
89%
Uses the Cyrillic alphabet Mongolia
89%
Contains part of the Gobi Desert Both
87%
Where Genghis Khan was born Mongolia
87%
Ordos is one of its largest cities Inner Mongolia
83%
Hosts the largest Naadam Festival annually Mongolia
79%
Has the higher GDP per capita Inner Mongolia
72%
Has the higher average elevation Mongolia
72%
Around 30% of the population is nomadic Mongolia
68%
Was partially occupied by Japan from 1933-1945 Inner Mongolia
64%
Has administrative divisions known as "leagues" Inner Mongolia
60%
Borders Russia Both
53%
Home to the endangered two-humped (Bactrian) camel Both
49%
Has more men than women Inner Mongolia
47%
No matching quizzes found
Score Distribution
Percent of People with Each Score
Percentile by Number Answered
Your Score History
You have not taken this quiz